| 000 | 00603nam a22002177a 4500 | ||
|---|---|---|---|
| 999 |
_c21363 _d21363 |
||
| 003 | AR-CdUCM | ||
| 008 | 190304b ||||| |||| 00| 0 spa d | ||
| 020 | _a84-08-03770-6 | ||
| 040 |
_aMUNICIPALIDAD PROVINCIAL DEL CUSCO _cBIBLIOTECA MUNICIPAL DEL CUSCO |
||
| 082 |
_a858.14/B64 _bB64 |
||
| 100 |
_aBoccaccio, Giovanni _91305 |
||
| 245 | _aDecameron / | ||
| 260 |
_aEspaña ; _bEPENSA, _c1999. |
||
| 300 |
_a583 Páginas ; _c21 cm. |
||
| 440 |
_aBiblioteca de Oro _944559 |
||
| 650 |
_aNovela _95 |
||
| 650 |
_aClasicos _98885 |
||
| 650 |
_aLiteratura _983 |
||
| 942 |
_2ddc _cLIBROS |
||
| 945 | _aRoel | ||